Music Quiz

Random Music or Song Quiz
Score 0/40 Timer 05:00
0 Plays Today
album song % Correct
DiscoveryOne More Time
88.6%
DiscoveryHarder Better Faster Stronger
88.1%
HomeworkAround the World
83.4%
HomeworkDa Funk
78.3%
DiscoveryAerodynamic
76.8%
Human After AllHuman After All
75.6%
DiscoveryDigital Love
73.9%
Human After AllTechnologic
73.4%
Human After AllRobot Rock
70.4%
DiscoveryToo Long
65.9%
DiscoveryFace to Face
64.8%
DiscoverySomething About Us
61.5%
DiscoveryCrescendolls
61.5%
DiscoverySuperheroes
59.6%
DiscoveryVeridis Quo
54%
Human After AllTelevision Rules the Nation
52.6%
DiscoveryVoyager
50.9%
DiscoveryNightvision
49.1%
DiscoveryShort Circuit
47.8%
Human After AllThe Primetime Of Your Life
45.7%
album song % Correct
DiscoveryHigh Life
45.6%
HomeworkDaftendirekt
45.4%
HomeworkRollin' and Scratchin'
43.9%
HomeworkTeachers
43.1%
Human After AllSteam Machine
42.9%
Human After AllEmotion
41.4%
HomeworkBurnin
40.7%
HomeworkAlive
40.6%
Human After AllThe Brainwasher
39%
Human After AllMake Love
38.5%
HomeworkPhoenix
37.6%
HomeworkFunk Ad
37.3%
HomeworkFresh
35.5%
HomeworkWDPK 83.7 FM
34.5%
HomeworkRock n roll
33.2%
Human After AllOn|Off
33%
HomeworkRevolution 909
32.7%
HomeworkIndo Silver Club
31.3%
HomeworkOh yeah
30.1%
HomeworkHigh Fidelity
26.1%
Remove Ads.
Support Sporcle.
Get the best of Sporcle when you Go Orange. This ad-free experience offers more features, more stats, and more fun while also helping to support Sporcle. Thank you for becoming a member.

You're not logged in!

Compare scores with friends on all Sporcle quizzes.
OR
Log In

Show Comments

Extras

Top Quizzes Today


Score Distribution

Your Account Isn't Verified!

In order to create a playlist on Sporcle, you need to verify the email address you used during registration. Go to your Sporcle Settings to finish the process.

Report this User

Report this user for behavior that violates our Community Guidelines.

Details: